PRINCIPLESOF ANATOMY & PHYSIOLOGY VOL.-2 (Record no. 1770)

MARC details
000 -LEADER
fixed length control field 00332nam a2200133Ia 4500
008 - FIXED-LENGTH DATA ELEMENTS--GENERAL INFORMATION
fixed length control field 150201s2011 xx 000 0 und d
082 ## - DEWEY DECIMAL CLASSIFICATION NUMBER
Classification number 611
Item number A11T
100 ## - MAIN ENTRY--PERSONAL NAME
Personal name TORTORA, GERARD J.
245 ## - TITLE STATEMENT
Title PRINCIPLESOF ANATOMY & PHYSIOLOGY VOL.-2
260 ## - PUBLICATION, DISTRIBUTION, ETC. (IMPRINT)
Name of publisher, distributor, etc. WILEY
Date of publication, distribution, etc. 2011
300 ## - PHYSICAL DESCRIPTION
Extent 1-1222
650 ## - SUBJECT ADDED ENTRY--TOPICAL TERM
Topical term or geographic name as entry element HUMAN ANATOMY
942 ## - ADDED ENTRY ELEMENTS (KOHA)
Source of classification or shelving scheme Dewey Decimal Classification
Koha item type Books
Koha issues (borrowed), all copies 9
Holdings
Withdrawn status Lost status Source of classification or shelving scheme Damaged status Not for loan Collection code Home library Current library Shelving location Date acquired Source of acquisition Serial Enumeration / chronology SGTU Bill Number Total Checkouts Full call number Barcode Date last seen Date last checked out Bill Date Koha item type Total Renewals
    Dewey Decimal Classification     MEDICAL SGT Medical Library SGT Medical Library Reference Book 14/07/2014 ABC DELHI II SGTU 4559 1 611 A11T FM6021 22/11/2023 10/11/2023 14/07/2014 Books  
    Dewey Decimal Classification     MEDICAL SGT Medical Library SGT Medical Library Reference Book 14/07/2014 ABC DELHI II SGTU 4559 3 611 A11T FM6022 21/01/2026 13/01/2026 14/07/2014 Books  
    Dewey Decimal Classification   Not For Loan MEDICAL SGT Medical Library SGT Medical Library Reference Book 14/07/2014 ABC DELHI II SGTU 4559   611 A11T FM6023 09/02/2015   14/07/2014 Books  
    Dewey Decimal Classification     MEDICAL SGT Medical Library SGT Medical Library Reference Book 14/07/2014 ABC DELHI II SGTU 4559 4 611 A11T FM6024 24/11/2023 01/11/2023 14/07/2014 Books 1
    Dewey Decimal Classification     MEDICAL SGT Medical Library SGT Medical Library Reference Book 14/07/2014 ABC DELHI II SGTU 4559 4 611 A11T FM6025 04/01/2024 15/12/2023 14/07/2014 Books